An introduction to applied mathematics /
Guardado en:
| Autor Principal: | |
|---|---|
| Formato: | Libro |
| Idioma: | English |
| Publicado: |
Oxford :
Clarendon Press,
1951.
|
| Materias: | |
| Etiquetas: |
Agregar Etiqueta
Sin Etiquetas, Sea el primero en etiquetar este registro!
|
| LEADER | 00680cam a22001935a 4500 | ||
|---|---|---|---|
| 001 | EIQ.libpla000296 | ||
| 008 | 731204s1951####enk###########000#0#eng#d | ||
| 005 | 20060511175430.0 | ||
| 245 | 1 | 3 | |a An introduction to applied mathematics / |c J. C. Jaeger. |
| 260 | |a Oxford : |b Clarendon Press, |c 1951. | ||
| 300 | |a 445 p. : |b il. ; |c 23 cm. | ||
| 100 | 1 | |a Jaeger, J. C. |q (John Conrad), |d 1907- | |
| 650 | 4 | |a Matemáticas |x Teoría. | |
| 650 | 4 | |a Ecuaciones diferenciales |x Ecuaciones numéricas. | |
| 650 | 4 | |a Mathematics |x Theory. | |
| 650 | 4 | |a Differential equations |x Numerical solutions. | |
| 010 | |a 52007691 | ||
| 040 | |a DLC |c MBU |d Uk |d AR-BbSID | ||
| 859 | |a AR-BbSID |b BIB. PLAPIQUI |h 519 |i Ja 11 |p 4606 | ||
